000 00949cam a2200217 4500
001 ABS65528
008 020610n2002 000 0 eng u
035 _a(Sirsi) u118349
100 _aTinworth, A
245 _aWeb-wasters exposed
260 _c2002
490 _aEstates Gazette
_v(0218) 4 May 2002, 138-139(2)
520 _aExamines claims by a survey by Ptisan Web Intelligence, part of RETRI, a consultancy firm, that shows that many surveyors' websites are poorly designed and maintained and are damaging the firm in the eyes of potential clients. The study highlights the failings of many sites, from a wide range of categories - global firms, national firms, regional firms and local firms. Includes list of top 35 websites by user satisfaction. Tables.
590 _aABS
650 _aWEBSITES
650 _aSURVEYORS
650 _aSURVEYS
650 _aWEB DESIGN
690 _aINFORMATION TECHNOLOGY-INTERNET
942 _n0
999 _c70445
_d70445